000
00287nam a22001097a 4500
008
140219t xxu||||| |||| 00| 0 eng d
100
_a
Samuel H. Maron
_9
759
245
_a
Principles of Physical chemistry
_c
by Samuel H. Maron
250
_a
fourth edition
300
_a
886 p
942
_2
ddc
_c
BK
999
_c
17016
_d
17016